00386nam a2200145Ia 4500003000400000005001700004008004100021040001800062041000800080100004200088110001800130245004300148260002000191710002900211OSt20260303104922.0211028s2003 xx 000 0 und d cAIMIT LIBRARY aeng aNoronha, Rithesh;Manimozhi, R.g92175 aManimozhi, R. aSales tracking and monitoring system / aBangalorec2003 aInfodesk Manipal Limited